000 00372nam a22001337a 4500
003 OSt
005 20240402162513.0
008 240402b |||||||| |||| 00| 0 eng d
040 _cCentral Library
100 _aSubh Chittan
245 _aOtt Se Mann Dikhta Hain (ओट से मन दिखता है)
260 _aTamil Nadu
_bNotion Press
_c2020
942 _2ddc
_cBK
_n0
999 _c9938
_d9938